Azur Lane Ship Quiz - Sardegna Empire - Statistics

General Stats
  • This quiz has been taken 7 times
  • The average score is 11 of 34
Answer Stats
Rarity Shipgirl % Correct
SR Roma
100%
SR Aquila
83%
SR Littorio
83%
SR Vittorio Veneto
83%
SR Leonardo da Vinci
67%
Decisive Napoli
67%
UR Raffaello
67%
SR Pompeo Magno
50%
SR Zara
50%
Elite Alfredo Oriani
33%
Elite Andrea Doria
33%
SR Duca degli Abruzzi
33%
Elite Libeccio
33%
Priority Marco Polo
33%
SR Pola
33%
SR Attilio Regolo
17%
Elite Bolzano
17%
Elite Carabiniere
17%
Elite Emanuele Pessagno
17%
Elite Giulio Cesare
17%
SR Giuseppe Garibaldi
17%
SR Gorizia
17%
SR Impero
17%
Elite Maestrale
17%
Elite Torricelli
17%
Elite Trieste
17%
Elite Vincenzo Gioberti
17%
Priority Vittorio Cuniberti
17%
Elite Bartolomeo Colleoni
0%
Rare Conte di Cavour
0%
Elite Giosuè Carducci
0%
SR Maggiore Baracca
0%
Elite Nicoloso da Recco
0%
Rare Trento
0%
No matching quizzes found
Score Distribution
Percent of People with Each Score
Percentile by Number Answered
Your Score History
You have not taken this quiz